Marvel Rivals: Moon Knight Skins by Picture - Statistics

General Stats
  • This quiz has been taken 22 times
  • The average score is 4 of 7
Answer Stats
Picture Answer % Correct
Mister Knight
88%
Moon Knight Mech
81%
Phoenix Knight
75%
Blood Moon Knight
63%
Fist Of Vengeance
38%
Golden Moonlight
38%
Lunar General
38%
No matching quizzes found
Score Distribution
Percent of People with Each Score
Percentile by Number Answered
Your Score History
You have not taken this quiz